000 01018nam a2200277 a 4500
001 BRL_1585
005 20190320211256.0
008 190314s1988----mx-db#####---#000-0#spa-#
020 _a9681630068
041 _aspa
044 _amx
050 4 _aF1219.1.O11
_b.C37 1988
100 1 _aCarmagnani, Marcello
_d1940-
_927361
245 1 0 _aEl regreso de los dioses
_bel proceso de reconstitución de la identidad étnica en Oaxaca, siglos XVII y XVIII
_cMarcello Carmagnani.
260 _aMéxico
_bFondo de Cultura Económica
_c1988
300 _a263 p.
_bil., mapas
_c22 cm.
440 0 _aSección de obras de historia
_927362
500 _aAu2072
504 _aBibliografía: p. 239-244
650 1 4 _aIndígenas de México
_xHistoria
_zOaxaca (Estado)
_927363
650 1 4 _aIndígenas de México
_xIdentidad étnica
_zOaxaca (Estado)
_927364
650 1 4 _aIndígenas de México
_xAsimilación cultural
_zOaxaca (Estado)
_927365
650 1 4 _aAculturación
_zOaxaca (Estado)
_927366
902 _aGRL
942 _2lcc
_cB
999 _c10394
_d10394